Government reorganization: a theoretical analysis (Record no. 21960)

000 -LEADER
fixed length control field 00917pab a2200133 454500
008 - FIXED-LENGTH DATA ELEMENTS--GENERAL INFORMATION
fixed length control field 180718b xxu||||| |||| 00| 0 eng d
100 ## - MAIN ENTRY--PERSONAL NAME
Personal name Peters, B. Guy
245 ## - TITLE STATEMENT
Title Government reorganization: a theoretical analysis
520 ## - SUMMARY, ETC.
Summary, etc. Reorganization is one of the most common activities of government, but it is not adequately understood, either by practioners or by scholars. This article applies three broad approaches in administrative theory-purposive action, enviromental determinism, and institutionalism - to the study of reform in industralized democracies. Each of these three broad approaches is further divided into a number of more specific approaches. This article evaluates all the available approaches, and ends by arguing in favor of the institional approach. - Reproduced
650 ## - SUBJECT ADDED ENTRY--TOPICAL TERM
Topical term or geographic name entry element Reform
650 ## - SUBJECT ADDED ENTRY--TOPICAL TERM
Topical term or geographic name entry element Administrative Reorganisation
773 ## - HOST ITEM ENTRY
Main entry heading International Political Science Review
909 ## -
-- 21960
Holdings
Withdrawn status Lost status Damaged status Not for loan Permanent Location Current Location Date acquired Serial Enumeration / chronology Barcode Date last seen Price effective from Koha item type
        Indian Institute of Public Administration Indian Institute of Public Administration 2018-07-19 Issue no: 13(2), Apr.92, p.199-217 AR22029 2018-07-19 2018-07-19 Articles

Powered by Koha